00540nam a2200205Ia 4500003000400000005001700004008004100021020001800062040000700080041000800087082002300095100001900118245004800137245005200185260003800237300001600275365001400291650001700305650001200322OSt20230622122038.0210423s1999 xx 000 0 und d a0-7167-3268-8 cAL aeng a574.19245 FERS223 aFERSHT (Alan). aStructure and mechanism in protein science. 2aA guide to enzyme catalysis and protein folding aNew YorkbW H Freeman & Co.c1999 axxi,631bPB b2848cINR aBiochemistry aBiology